Chicago Bulls 2000's Starters - Statistics

General Stats
  • This quiz has been taken 205 times
  • The average score is 11 of 30
Answer Stats
Player Starts % Correct
Derrick Rose 1
99%
Jalen Rose 1
99%
Joakim Noah 2
90%
Luol Deng 5
81%
Kirk Hinrich 5
68%
Ben Gordon 3
63%
Jay Williams 1
59%
Elton Brand 2
52%
Tyson Chandler 2
48%
Ben Wallace 2
44%
Eddy Curry 2
41%
Jamal Crawford 1
35%
Joe Smith 1
30%
P.J. Brown 1
30%
Randy Brown 1
30%
Ron Artest 2
30%
Tyrus Thomas 1
29%
Brad Miller 2
24%
Antonio Davis 2
22%
Chris Duhon 1
17%
Ron Mercer 2
12%
Charles Oakley 1
10%
Donyell Marshall 1
8%
Greg Anthony 1
8%
Dickey Simpkins 1
7%
Hersey Hawkins 1
6%
Mike Sweetney 1
5%
Trenton Hassell 2
5%
Bryce Drew 1
3%
Kendall Gill 1
3%
No matching quizzes found
Score Distribution
Percent of People with Each Score
Percentile by Number Answered
Your Score History
You have not taken this quiz